000 00600nam a2200193 i 4500
001 57860
003 ES-MaACL
005 20230906163651.0
007 t|
008 031020s1936 fr ||||1| fre d
100 1 _aDubrisay, René.
_945791
245 1 0 _aPhénoménes collodaux /
_cpar René Dubrisay.
260 _aParis :
_bArmand Colin,
_c1936 (
_eOrleans :
_fImp. H. Tessier)
300 _a186 p. :
_bil. ;
_c18 cm.
490 1 _aCollection colin. Section physique
830 0 _aCollection colin. Section physique
_9230451
852 _aES-MaACL
_jF-15408
_bR.19279
999 _c57860
_d57860